00470 2200181 4500001002100000005001500021008004100036020001800077035001900095041000600114082000800120090001400128100001800142245004300160260004300203300002700246650001500273INLIS00000000000591020241224113205241224||||||||| | ||| |||| ||  a979-798-776-0 0010-1224005910 a00 a641 a641 TIM m0 aTim Sarasvati00aMenu Lezat Untuk Kestabilan Gula Darah aJakartabPT. Bhuana Ilmu Populerc2008 a106 hlm.; Ilus.: 23 cm 0aGastronomi